00420cam a22001217a 4500008004000000082001500040100001700055245007600072260004200148300000900190440007400199650002500273180718b1970 xxu||||| |||| 00| 0 eng d aZ47x6 Ei23 aEicher, Carl aEmployment generation in African agriculturecby Carl Eicher and others aMichingambMichagan State Univ.c1970 a66p. a(College of Agriculture and National Resources, research Report No.9) aFarm Labour - Africa